Внутреннее трение в металлах и неорганических материалах: [сборник статей]

Dades bibliogràfiques
Autor corporatiu: Академия наук СССР (АН СССР)
Altres autors: Тавадзе Ф. Н. Фердинанд Нестерович (редактор)
Idioma:rus
Publicat: Москва, Наука, 1982
Matèries:
Format: Llibre
KOHA link:https://koha.lib.tpu.ru/cgi-bin/koha/opac-detail.pl?biblionumber=300550

MARC

LEADER 00000nam0a2200000 4500
001 300550
005 20231102001319.0
020 |a RU  |b 83-999 
035 |a (RuTPU)RU\TPU\book\325703 
090 |a 300550 
100 |a 20150713d1982 k y0rusy5003 ca 
101 0 |a rus 
102 |a RU 
105 |a a z 001zy 
200 1 |a Внутреннее трение в металлах и неорганических материалах  |e [сборник статей]  |f Академия наук СССР (АН СССР) ; под ред. Ф. Н. Тавадзе 
210 |a Москва  |c Наука  |d 1982 
215 |a 220 с.  |c ил. 
320 |a Библиография в конце статей 
606 |a Материалы  |x Трение внутреннее  |2 stltpush  |3 (RuTPU)RU\TPU\subj\41307  |9 61111 
610 1 |a теория 
610 1 |a металлы 
610 1 |a сплавы 
610 1 |a полупроводники 
610 1 |a диэлектрики 
610 1 |a исследование 
675 |a 620.22:539  |v 3 
702 1 |a Тавадзе  |b Ф. Н.  |g Фердинанд Нестерович  |4 340 
712 0 2 |a Академия наук СССР (АН СССР)  |c (Ленинград/Москва)  |c (1925-1991)  |2 stltpush  |3 (RuTPU)RU\TPU\col\722 
801 0 |a RU  |b RuMRKP  |c 19950704  |g psbo 
801 1 |a RU  |b 63413507  |c 20150713 
801 2 |a RU  |b 63413507  |c 20180618  |g RCR 
942 |c BK